Discurso inaugural leído en la solemne apertura del Curso Académico de 1881 á 1882 en la Universidad Literaria de Valladolid / (Record no. 166806)

MARC details
000 -LEADER
campo de control de longitud fija 00954nam a2200193 i 4500
001 - NÚMERO DE CONTROL
campo de control 166806
003 - IDENTIFICADOR DE NÚMERO DE CONTROL
campo de control ES-MaACL
005 - FECHA Y HORA DE LA ÚLTIMA TRANSACCIÓN
campo de control 20230906213414.0
008 - DATOS DE LONGITUD FIJA--INFORMACIÓN GENERAL
campo de control de longitud fija 991020s1881 sp |||| | spa d
040 ## - FUENTE DE CATALOGACIÓN
Centro catalogador/agencia de origen CCPB | B
Lengua de catalogación spa
Centro/agencia transcriptor CCPB | B
100 1# - ENTRADA PRINCIPAL--NOMBRE DE PERSONA
Nombre de persona Urraca y Guitiérrez, Pedro.
9 (RLIN) 133463
245 10 - MENCIÓN DEL TÍTULO
Título Discurso inaugural leído en la solemne apertura del Curso Académico de 1881 á 1882 en la Universidad Literaria de Valladolid /
Mención de responsabilidad, etc. por Pedro Urraca y Gutierrez.
260 ## - PUBLICACIÓN, DISTRIBUCIÓN, ETC.
Lugar de publicación, distribución, etc. Valladolid :
Nombre del editor, distribuidor, etc. [s.n.],
Fecha de publicación, distribución, etc. 1881 (
Fabricante Establecimiento tipográfico de L. Garrido)
300 ## - DESCRIPCIÓN FÍSICA
Extensión 26, [31] p. ;
Dimensiones 31 cm.
505 8# - NOTA DE CONTENIDO CON FORMATO
Nota de contenido con formato Datos estadísticos en el Curso Académico de 1880 á 1881, [31] p.
594 ## - Nota al título y mención de responsabilidad
Nota al título y mención de responsabilidad Tít. del discurso: Desarrollo intelectual e influencia que sobre él ejerce la educación.
710 2# - ENTRADA AGREGADA--NOMBRE DE ENTIDAD CORPORATIVA
Nombre de entidad corporativa o nombre de jurisdicción como elemento de entrada Universidad Literaria de Valladolid.
9 (RLIN) 7394
852 ## - LOCALIZACIÓN
Ubicación ES-MaACL
Número de control de estantería T-444-F-6
Nota libre -- Enc. hol.
-- -- Enc. en un vol. facticio
Encuadernación -- Edic.: 26, [58] p., [6] h. pleg.
Holdings
Estatus retirado Estado de pérdida Estado de daño No para préstamo Colección Biblioteca de origen Biblioteca actual Ubicación en estantería Fecha de adquisición Total de préstamos Signatura topográfica completa Código de barras Visto por última vez Precio de reemplazo Tipo de ítem Koha
        Colección de folletos Biblioteca del Ateneo de Madrid Biblioteca del Ateneo de Madrid Depósito folletos 17/01/2008   T-444-F-6 1174958 23/02/2023 23/02/2023 Folleto